|
|
|
|
| LEADER |
00684cam a2200169 7i4500 |
| 001 |
0000026111 |
| 005 |
20170218090000.0 |
| 008 |
090201 eng |
| 090 |
0 |
0 |
|a HF5548
|b .M67 2007
|
| 100 |
0 |
|
|a Mohd Syaiful Nizam Mohd Nor
|
| 245 |
1 |
0 |
|a CNN System (M) Sdn Bhd website
|c Mohd Syaiful Nizam Mohd Nor.
|
| 260 |
|
|
|a Bestari Jaya, Selangor:
|b UNISEL,
|c 2007.
|
| 300 |
|
|
|a x, 57 p.:
|b ill.(some col.);
|c 30 cm.
|
| 610 |
2 |
|
|a Universiti Industri Selangor
|
| 650 |
0 |
0 |
|a Website --
|x Development
|
| 997 |
|
|
|a Communication, Visual Art & Computing, Faculty
|b Computing, Department
|
| 999 |
|
|
|a PTR0000057
|b PRACTICAL TRAINING REPORT
|c PRACTICAL TRAINING REPORT
|e Thesis Room, Bestari Jaya
|